Jude the obscure /

Saved in:
Bibliographic Details
Main Author: Hardy, Thomas, 1840-1928
Format: Book
Language:English
Published: London : Macmillan, 1975.
Edition:New Wessex ed.
Subjects:
LEADER 01107cam a2200289 a 4500
001 c000276590
003 CARM
005 20071119105312.0
008 840612s1975 enk 000 1 eng d
015 |a GB7506943  |2 bnb 
019 1 |a 3222295  |5 LACONCORD2021 
020 |a 0333168976 
035 |a (OCoLC)1506304  |5 LACONCORD2021 
040 |a VBAX  |b eng  |c VBAX  |d NSL:R  |d VCAV 
082 0 4 |a 823.8  |2 22 
100 1 |a Hardy, Thomas,  |d 1840-1928. 
245 1 0 |a Jude the obscure /  |c Thomas Hardy ; introduction by Terry Eagleton ; with notes by P.N. Furbank. 
250 |a New Wessex ed. 
260 |a London :  |b Macmillan,  |c 1975. 
300 |a 429 p. ;  |c 23 cm. 
500 |a The New Wessex edition first published in paperback in 1974. 
500 |a First edition published elsewhere in 1896. 
650 0 |a Fiction in English. 
653 |a Fiction in English  |a 1837-1900  |a Texts 
852 8 |b CARM  |h A1:AM13G0  |i B09449  |p 0395795  |f BK 
999 f f |i 216714ee-e527-569a-86e6-0b6e0e4823f3  |s d4ed7584-3a4f-5086-8cf5-2cf0306ed901 
952 f f |p Can circulate  |a CAVAL  |b CAVAL  |c CAVAL  |d CARM 1 Store  |e B09449  |f A1:AM13G0  |h Other scheme  |i book  |m 0395795